000 00459nam a2200169Ia 4500
008 221030s9999 xx 000 0 und d
020 _a9789388548854
041 _aEnglish
100 _aK. Kanan
245 0 _aRatan Lal & Dhiraj Lal : The Code of Criminal Procedure 23rd Ed.
_cby K. Kanan, A. Prakash
250 _a23rd
260 _bLexis Nexis
_aGurgaon
_c2022
300 _a1129
650 _aCriminal Procedure
700 _aA. Prakash
942 _cBK
999 _c18849
_d18849